000 00518nmm a2200169Ia 4500
008 251105s9999||||xx |||||||||||||||||und||
020 _a9789562829885
041 _aspa
100 _aPérez Soto, Carlos
245 0 _aPara una crítica del poder burocrático
264 _a[Santiago de Chile, Chile] :
_bLOM Ediciones,
_c2008
300 _a224 páginas
490 _aCiencias Sociales y Humanas
650 _aPolitical Science (General)
856 _uhttps://public.digitaliapublishing.com/a/13254
942 _cCF
999 _c94346
_d94346